000 00378pab a2200157 454500
008 180718b2009 xxu||||| |||| 00| 0 eng d
100 _aPersaud, Avinash
245 _aDo not be distracted by Mr Madoff
260 _c2009
300 _ap.8-9.
362 _a10 Jun
650 _aEconomic recession
773 _aEconomic and Political Weekly
908 _aN
909 _a80779
999 _c80779
_d80779